[Event "CZE-ch Open 2019"]
[Site "Ostrava"]
[Date "2019.04.28"]
[Round "2.5"]
[White "Stocek, Jiri"]
[Black "Hausner, Ivan"]
[Result "1-0"]
[WhiteElo "2563"]
[BlackElo "2349"]
[Annotator "TA"]
[PlyCount "85"]
[EventDate "2019.04.27"]
[EventType "swiss"]
[EventCountry "CZE"]
[SourceTitle "playchess.com"]
[Source "ChessBase"]
[SourceQuality "1"]

{[%evp 9,85,26,33,14,28,10,50,43,41,36,47,5,70,62,74,69,77,63,87,76,97,91,89,82,92,60,58,66,79,59,68,60,76,96,161,158,164,164,172,168,171,151,207,159,196,137,130,91,121,83,126,139,123,110,153,159,152,156,181,162,192,191,169,178,227,250,339,339,332,339,340,314,581,558,643,640,628,615]} 1. d4 e6 2. c4 f5 3. Nc3 Nf6 4. Qc2 Bb4 5. e3 b6 6. f3 {A85: Dutch Defence: 2 c4 Nf6 3 Nc3} (6. Bd3 Bb7 7. f3 Nh5 8. Nge2 Qh4+ 9. g3 Bxc3+ 10. bxc3 Qe7 11. O-O Nf6 12. c5 O-O 13. e4 fxe4 14. fxe4 Nc6 15. Ba3 {½-½ (58) Saduakassova,D (2472)-L'Ami,E (2643) Wijk aan Zee 2019}) 6... Bb7 7. Nh3 Nc6 8. a3 $146 {White is slightly better.} ({Predecessor:} 8. Bd2 Ne7 9. a3 Bxc3 10. bxc3 O-O 11. Nf2 Rc8 {0-1 (40) Wolf,U (2055)-Hoefer,M (1430) Voelklingen 2012}) 8... Bxc3+ 9. Qxc3 Qe7 10. Bd3 O-O (10... g5 $11) 11. O-O Nd8 12. b4 d6 13. Bb2 c5 14. Rae1 Nf7 15. bxc5 bxc5 16. dxc5 dxc5 17. Nf4 Rae8 18. e4 fxe4 19. fxe4 e5 20. Nd5 Qd6 21. Bc2 $36 {[%mdl 2048] White is really pushing.} Nd8 {[#]} (21... Kh8 $16 {was necessary.}) 22. Rd1 $1 $18 {Black must now prevent Nxf6+.} Bxd5 23. exd5 ({Resist} 23. cxd5 Qb6 $16) 23... e4 24. Rde1 Rf7 25. h3 Rfe7 (25... Qb6 $16 26. Ba1 Qd6) 26. Bc1 Nf7 27. Bf4 (27. Ba4 $18) 27... Qa6 $16 28. Bb3 Rb7 29. a4 Qb6 30. Rb1 Qd8 31. Qe3 Qc8 32. Bc2 Rxb1 33. Bxb1 Ne5 34. Qc3 Ned7 35. Bc2 Qd8 36. Bd1 Qb6 37. a5 {[%cal Ba4a5,Ba5a6,Ba6a7][%mdl 32]} Qb4 38. Qxb4 cxb4 39. Be3 Rc8 40. Bxa7 Rxc4 $2 {[#]} (40... Ra8 {is a better defense.}) 41. a6 $18 {White is clearly winning.} Rc3 42. Bd4 Ra3 43. a7 {Accuracy: White = 66%, Black = 41%.} 1-0

[Event "CZE-ch Open 2019"]
[Site "Ostrava"]
[Date "2019.04.28"]
[Round "2.6"]
[White "Jasny, Stanislav"]
[Black "Babula, Vlastimil"]
[Result "0-1"]
[WhiteElo "2347"]
[BlackElo "2549"]
[Annotator "TA"]
[PlyCount "78"]
[EventDate "2019.04.27"]
[EventType "swiss"]
[EventCountry "CZE"]
[SourceTitle "playchess.com"]
[Source "ChessBase"]
[SourceQuality "1"]

{[%evp 13,81,38,42,16,24,25,23,13,25,5,30,31,17,0,5,8,2,0,0,0,-9,-4,0,-8,-6,0,0,-91,-94,-156,-123,-152,-156,-174,-180,-229,-222,-245,-242,-245,-250,-242,-183,-285,-281,-332,-241,-279,-254,-434,-429,-456,-447,-631,-650,-1508,-1351,-1626,-1317,-1775,-1738,-1621,-1609,-1440,-1388,-29978,-29979,-29973,-29974,-1910]} 1. e4 c5 2. Nf3 e6 3. d4 cxd4 4. Nxd4 a6 5. Nc3 b5 6. Bd3 Qb6 7. Nb3 Qc7 8. Qe2 {B43: Sicilian: Kan Variation: 5 Nc3} d6 9. O-O Nf6 10. Bd2 {White has an edge.} Nc6 11. a4 b4 12. Nd1 $146 ({Predecessor:} 12. Na2 Qb7 13. Rab1 Be7 14. c3 bxc3 15. bxc3 Ne5 16. Bc2 Qc7 17. a5 {½-½ (53) Ponomariov,R (2731)-Vachier Lagrave,M (2745) Beijing 2013}) 12... Be7 13. Ne3 O-O 14. f4 a5 15. Rf3 Qa7 16. Kh1 Ba6 17. Rh3 g6 {With the idea ...Nxe4!} 18. Ng4 Nxg4 19. Qxg4 Bf6 20. e5 (20. Rf1 $11 {keeps the balance.}) 20... dxe5 $17 21. Be3 {[#]} (21. Be4 $142 Rac8 22. Re1) 21... Qc7 $1 $36 {[%mdl 2048] Black is really pushing.} 22. Bxa6 Rxa6 23. Nc5 Raa8 24. Ne4 Be7 {Threatens to win with ...f5.} 25. Ng5 {[#]} f5 $1 {[%cal Rf5g4]} 26. Qh4 {[%csl Gg5,Gh3][%cal Rh4h7]} Bxg5 $1 27. Qxg5 exf4 28. Bxf4 (28. Qxf4 $142 Qxf4 29. Bxf4) 28... e5 $19 29. Be3 Rad8 30. Bc5 Rf7 31. Rh6 $2 (31. Rd3) 31... Nd4 32. Bxd4 Rxd4 ({Not} 32... exd4 33. Rh3 $19) 33. Re1 (33. c3 $142 bxc3 34. bxc3 Qxc3 35. Rg1) 33... Qxc2 {[%mdl 64] White must now prevent ...Rd1. Double Attack} 34. Rxg6+ hxg6 35. Qxg6+ Kf8 {( -> ...Rg7)} 36. Qh6+ Rg7 {[%csl Gg7][%cal Rc2g2]} 37. Qh8+ {[#]} Kf7 $1 {[%csl Gg7][%cal Rc2g2]} 38. Qh5+ {[#]} Ke7 $1 {[%csl Gg7][%cal Rc2g2]} 39. Rxe5+ {[#]} Kf6 {Played: Ke7-d6} 0-1

[Event "CZE-ch Open 2019"]
[Site "Ostrava"]
[Date "2019.04.28"]
[Round "2.7"]
[White "Nguyen, Thai Dai Van"]
[Black "Rubes, Jan"]
[Result "0-1"]
[WhiteElo "2547"]
[BlackElo "2345"]
[Annotator "TA"]
[PlyCount "80"]
[EventDate "2019.04.27"]
[EventType "swiss"]
[EventCountry "CZE"]
[SourceTitle "playchess.com"]
[Source "ChessBase"]
[SourceQuality "1"]

{[%evp 11,120,10,15,10,27,20,31,21,30,25,46,27,46,33,46,46,34,32,84,27,26,25,46,0,72,38,49,21,14,20,14,25,17,9,16,16,7,0,0,0,24,-38,-12,-12,-12,-12,-12,-12,-12,-137,-142,-187,-177,-173,-181,-175,-192,-288,-276,-308,-293,-295,-277,-287,-293,-279,-288,-297,-296,-272,-203,-212,-204,-361,-420,-417,-400,-402,-381,-468,-468,-437,-475,-533,-534,-535,-535,-535,-535,-533,-532,-569,-489,-719,-709,-8408,-8386,-8379,-8379,-6211,-6747,-8379,-8340,-8005,-7577,-7260,-6617,-5679,-4417,-29973,-29978]} 1. e4 e5 2. Nf3 Nc6 3. Bc4 Nf6 4. d3 Bc5 5. O-O d6 6. c3 a6 7. a4 {C54: Giuoco Piano: 4 c3 Nf6, main lines with 5 d4 and 5 d3} Ba7 8. Re1 h6 9. Nbd2 {White is slightly better.} g5 10. b4 Nh7 $146 {White should prevent ...g4.} ({Predecessor:} 10... Nh5 11. Nb3 Qf6 12. Be3 Bxe3 13. fxe3 g4 {½-½ (27) Ragger,M (2687)-Grischuk,A (2771) St Petersburg 2018}) 11. Nf1 g4 12. N3d2 $1 Qf6 13. Ne3 Ne7 14. d4 Rg8 (14... Ng5 $14) 15. Nd5 (15. dxe5 $16 Qxe5 16. Qe2) 15... Nxd5 $11 16. exd5 {Black must now prevent Ne4.} Ng5 $1 17. Nf1 Kf8 (17... Kd8 $1 $11) 18. Be3 exd4 $1 19. Bxd4 (19. cxd4 {looks sharper.} h5 20. Be2 Bd7 21. Rc1 Rc8 22. Rc4) 19... Bxd4 20. Qxd4 Qxd4 21. cxd4 f5 22. Bd3 f4 $1 23. Rac1 Rg7 24. a5 Rb8 25. Nd2 b6 26. Ne4 (26. b5 $11) 26... bxa5 27. Nxg5 hxg5 28. bxa5 Rb4 29. Rb1 Rxd4 {...Re7 is the strong threat.} 30. Be4 (30. Rb8 $11 Rxd3 31. Rxc8+ Kf7 32. Rxc7+ Kf6 33. Rc6 {[%mdl 64] Double Attack}) 30... Re7 $17 31. f3 gxf3 32. gxf3 {[#]} Kg7 $1 33. Rec1 Rd2 34. Rc2 (34. Rd1 {is a better defense.} Rxd1+ 35. Rxd1) 34... Rxc2 $19 35. Bxc2 {[%mdl 4096] Endgame KRB-KRB} Re2 36. Bd3 Rd2 37. Bc4 Kf6 38. Rb8 Bh3 39. Bxa6 Rg2+ ({Don't play} 39... Rxd5 40. Bb5 $19) 40. Kh1 {[#] Strongly threatening Bc8.} Rf2 {Played: Rg2-a2} 0-1

[Event "CZE-ch Open 2019"]
[Site "Ostrava"]
[Date "2019.04.28"]
[Round "2.8"]
[White "Vesselovsky, Serguei"]
[Black "Plat, Vojtech"]
[Result "0-1"]
[WhiteElo "2335"]
[BlackElo "2535"]
[Annotator "TA"]
[PlyCount "116"]
[EventDate "2019.04.27"]
[EventType "swiss"]
[EventCountry "CZE"]
[SourceTitle "playchess.com"]
[Source "ChessBase"]
[SourceQuality "1"]

{[%evp 10,116,27,8,-7,-2,2,14,14,-13,0,-10,18,-1,0,5,-6,-20,-13,-8,-32,-11,-20,-29,0,0,0,0,0,0,0,0,0,0,66,20,14,18,10,0,0,0,0,0,0,-46,-41,-42,-42,-68,-53,-54,-24,-18,-18,-18,-25,-18,-14,-27,0,-20,-26,-20,-15,-22,-10,-28,-48,-67,-29,-43,-29,-88,-81,-109,-106,-106,-89,-126,-36,-79,-7,-111,-53,-56,-53,-53,-53,-85,-61,-108,-108,-161,-157,-152,-122,-145,-133,-149,-143,-151,-140,-156,-134,-304,-170,-29994,-29995]} 1. Nf3 d6 2. d4 Nf6 3. Nbd2 g6 4. e4 Bg7 5. c3 O-O 6. Bc4 c5 {B07: Pirc Defence: Miscellaneous Systems} (6... Nc6 7. O-O Bg4 8. Re1 e5 9. h3 Bd7 10. dxe5 dxe5 11. a4 Nh5 12. Nb3 b6 13. a5 Qe7 14. Bg5 Bf6 15. Be3 Rad8 16. Qe2 {1-0 (38) Korley,K (2443)-Bosiocic,M (2589) Helsingor 2018}) 7. dxc5 dxc5 8. O-O Nc6 {The position is equal.} 9. Qc2 Qc7 10. Re1 Nd7 11. Bf1 $146 ({Predecessor:} 11. a4 b6 12. Bf1 Bb7 13. Nc4 Rfd8 14. h4 Nde5 15. Nfxe5 Nxe5 {0-1 (65) Klinger,S (2155)-Feige,M (2266) Willingen 2001}) 11... a6 12. a4 Rb8 13. h3 b5 14. axb5 axb5 15. Nb3 c4 16. Nbd4 e5 17. Nxc6 Qxc6 18. b3 cxb3 19. Qxb3 Nc5 20. Qb4 Na6 21. Qa5 Re8 ({Better is} 21... Nc5 $11 22. Qb4 Na6) 22. Be3 {Threatens to win with Ba7.} Nc7 $1 23. Rab1 Be6 24. Qb4 Ba2 {...Bf8 is the strong threat.} 25. Rbd1 Bf8 26. Qb2 Bc4 27. Nd2 Bxf1 28. Rxf1 Ne6 29. Rb1 Bc5 30. Rfe1 Bxe3 31. Rxe3 Nc5 32. Qb4 Red8 33. Nf3 Qc7 34. Qb2 Na4 35. Qb4 Kg7 36. g3 f6 37. Kg2 Nc5 38. Rf1 Nd3 $36 {[%mdl 2048] Black has some pressure.} 39. Qb1 Qc4 ({Don't go for} 39... Qxc3 $2 40. Rd1 $18) 40. Rd1 {[%cal Re3d3]} Nc5 41. Rc1 (41. Rd2 $11) 41... Rd7 42. Qc2 Ra8 43. Rd1 Rda7 44. Nd2 Qa2 (44... Qa4 $17 45. Rc1 Qxc2 46. Rxc2 Ra2 47. Rxa2 Rxa2) 45. Qb1 $1 $15 Rd7 (45... Rd8 $17 46. Nf1 Rxd1 47. Qxd1 Rd7) 46. Nf3 {[#]} (46. Qxb5 $11 Qa7 47. Ree1) 46... Rxd1 ({Black should try} 46... Qxb1 $1 $17 47. Rxb1 Ra2) 47. Qxd1 Qe6 48. Qb1 Qc6 49. Qc2 Rc8 50. Nd2 Na4 51. Nb1 {[#]} (51. c4 $17 {was worth a try.}) 51... b4 $1 $19 {[%cal Rb4c3][%mdl 512]} 52. c4 (52. cxb4 Qxc2) 52... Nb6 53. Nd2 Nxc4 54. Nxc4 Qxc4 55. Qa4 Rc7 56. h4 h5 57. f3 $2 (57. Kg1 $17 {might work better.}) 57... Qd4 (57... Kf7 $142 58. Qd1 Ke7) 58. Qb3 $2 (58. Re2 $19) 58... Qd2+ 0-1

[Event "CZE-ch Open 2019"]
[Site "Ostrava"]
[Date "2019.04.28"]
[Round "2.9"]
[White "Kriebel, Tadeas"]
[Black "Kulhanek, Tomas"]
[Result "1-0"]
[WhiteElo "2514"]
[BlackElo "2316"]
[Annotator "TA"]
[PlyCount "67"]
[EventDate "2019.04.27"]
[EventType "swiss"]
[EventCountry "CZE"]
[SourceTitle "playchess.com"]
[Source "ChessBase"]
[SourceQuality "1"]

{[%evp 15,67,12,12,12,12,12,12,26,19,0,0,0,0,0,0,-12,0,0,206,199,263,248,252,252,259,223,199,122,340,329,310,202,169,178,246,221,424,400,412,294,545,552,517,523,591,579,1016,990,1685,1649,5518,5422,29992,29993]} 1. e4 e6 2. d4 d5 3. Nc3 Bb4 4. e5 c5 5. a3 Bxc3+ 6. bxc3 Qa5 7. Bd2 Qa4 8. Qb1 c4 9. Be2 {C18: French: 3 Nc3 Bb4: Main line: 7 h4 and 7 Qg4} Nc6 10. Nh3 Bd7 11. Nf4 {The position is equal.} O-O-O 12. Nh5 g6 13. Ng3 f6 14. exf6 Nxf6 15. O-O h6 {[#]} 16. Qc1 $146 {[%mdl 2048] White is more active.} ({Predecessor:} 16. Qb2 g5 {0-1 (55) Horvath,A (2515)-Onischuk,V (2628) Zalakaros 2016}) 16... e5 $2 (16... h5 $11 {and Black has nothing to worry.}) 17. Bxh6 $18 Rh7 (17... Ng4 {keeps fighting.}) 18. Bg5 Rf8 19. dxe5 Ne8 20. Qd1 Qa5 21. Bg4 ({White should play} 21. Bf3 $18) 21... Bf5 $2 (21... Nxe5 $16 22. Bxd7+ Nxd7) 22. Nxf5 {[%mdl 64] [#] Remove Defender} gxf5 23. Bxf5+ {[%mdl 64] Remove Defender} Rxf5 24. Qg4 Ng7 (24... Rhf7 $142) 25. Bf6 Kb8 $2 (25... Qc7) 26. Bxg7 Rfh5 27. Bf8 {Bd6+ would kill now.} a6 $2 (27... Qd8) 28. Bd6+ Ka7 29. h3 Qxc3 30. Rab1 {Intending Bc5+ and mate.} b6 {[#]} 31. Rxb6 $3 {[%mdl 576] Threatening mate with Bc5. Clearance} Kxb6 32. Rb1+ Ka5 33. Qc8 Qxc2 34. Bc7+ {Accuracy: White = 77%, Black = 21%.} 1-0

[Event "CZE-ch Open 2019"]
[Site "Ostrava"]
[Date "2019.04.28"]
[Round "2.10"]
[White "Serrano Salvador, Eduardo"]
[Black "Kociscak, Jiri"]
[Result "1/2-1/2"]
[WhiteElo "2305"]
[BlackElo "2496"]
[Annotator "RC"]
[PlyCount "61"]
[EventDate "2019.04.27"]
[EventType "swiss"]
[EventCountry "CZE"]
[SourceTitle "playchess.com"]
[Source "ChessBase"]
[SourceQuality "1"]
[TimeControl "40/5400+30:1800+30"]

1. d4 {[%emt 0:00:00]} d5 {[%emt 0:03:32]} 2. c4 {[%emt 0:00:00]} e6 {[%emt 0:00:05]} 3. Nf3 {[%emt 0:00:16]} c5 {[%emt 0:00:05]} 4. cxd5 {[%emt 0:00:31]} exd5 {[%emt 0:00:06]} 5. Nc3 {[%emt 0:00:34]} Nc6 {[%emt 0:00:06]} 6. Bf4 {[%emt 0:00:19]} Nf6 {[%emt 0:04:15]} 7. e3 {[%emt 0:00:26]} c4 {[%emt 0:05:21]} 8. Be2 {[%emt 0:26:55]} Bd6 {[%emt 0:12:22]} 9. Bxd6 {[%emt 0:05:22]} Qxd6 {[%emt 0:00:06]} 10. O-O {[%emt 0:01:11]} Rb8 {[%emt 0:07:59]} 11. a4 {[%emt 0:27:03]} O-O {[%emt 0:03:27]} 12. Nd2 {[%emt 0:03:16]} Qb4 {[%emt 0:01:40]} 13. Bf3 {[%emt 0:02:09]} Rd8 {[%emt 0:04:51]} 14. Qc2 {[%emt 0:01:17]} Na5 {[%emt 0:01:00]} 15. e4 {[%emt 0:05:16]} Nb3 {[%emt 0:12:47]} 16. Nxb3 {[%emt 0:00:18]} cxb3 {[%emt 0:00:10]} 17. Qe2 {[%emt 0:02:16]} dxe4 {[%emt 0:13:40]} 18. Nxe4 {[%emt 0:00:06]} Be6 {[%emt 0:00:28]} 19. Nxf6+ {[%emt 0:02:19]} gxf6 {[%emt 0:00:32]} 20. d5 {[%emt 0:00:12]} Bxd5 {[%emt 0:00:13]} 21. Bxd5 {[%emt 0:00:08]} Rxd5 {[%emt 0:00:06]} 22. Qf3 {[%emt 0:00:13]} Rd6 {[%emt 0:10:09]} 23. Ra3 {[%emt 0:01:18]} Rbd8 {[%emt 0:04:21]} 24. Rxb3 {[%emt 0:00:27]} Qxa4 {[%emt 0:00:13]} 25. Rxb7 {[%emt 0:01:43]} Rd1 {[%emt 0:00:18]} 26. g3 {[%emt 0:02:05]} Kg7 {[%emt 0:05:54]} 27. Qb3 {[%emt 0:03:23]} Rxf1+ {[%emt 0:01:55]} 28. Kxf1 {[%emt 0:00:05]} Rd1+ {[%emt 0:00:22]} 29. Ke2 {[%emt 0:01:45]} Qxb3 {[%emt 0:00:05]} 30. Rxb3 {[%emt 0:00:05]} Rd7 {[%emt 0:00:05]} 31. h4 {[%emt 0:00:24]} 1/2-1/2

[Event "CZE-ch Open 2019"]
[Site "Ostrava"]
[Date "2019.04.28"]
[Round "2.11"]
[White "Simacek, Pavel"]
[Black "Michenka, Jozef"]
[Result "1-0"]
[WhiteElo "2471"]
[BlackElo "2287"]
[Annotator "TA"]
[PlyCount "25"]
[EventDate "2019.04.27"]
[EventType "swiss"]
[EventCountry "CZE"]
[SourceTitle "playchess.com"]
[Source "ChessBase"]
[SourceQuality "1"]

{[%evp 11,37,22,14,13,25,26,33,26,74,62,67,78,64,72,66,48,192,194,224,141,245,235,460,462,470,489,470,465]} 1. e4 c5 2. Nf3 e6 3. d4 cxd4 4. Nxd4 Nc6 5. Nc3 a6 6. Be3 Nf6 7. Qf3 {B46: Sicilian: Taimanov: 5 Nc3 a6} Qc7 8. O-O-O Be7 (8... Ne5 9. Qg3 b5 10. f4 Neg4 11. Bd2 b4 12. Na4 h5 13. Bd3 d5 14. e5 Ne4 15. Bxe4 dxe4 {½-½ (48) Caruana,F (2832)-Shankland,S (2724) Germany 2019}) 9. Be2 {White is slightly better.} Ne5 $146 ({Predecessor:} 9... O-O 10. Qg3 d6 11. h4 Kh8 12. h5 h6 13. Kb1 Nxd4 14. Rxd4 b5 {½-½ (57) Cheparinov,I (2688)-Zeng,C (2536) China 2017}) 10. Qg3 {f4 is the strong threat.} O-O 11. f4 Nc4 12. e5 $36 {[%mdl 2048] aiming for Nf5! Black is under strong pressure.} Ne8 13. Bxc4 {Played: Nd4-f5} 1-0

[Event "CZE-ch Open 2019"]
[Site "Ostrava"]
[Date "2019.04.28"]
[Round "2.12"]
[White "Sramek, Vojtech"]
[Black "Zwardon, Vojtech"]
[Result "0-1"]
[WhiteElo "2304"]
[BlackElo "2458"]
[Annotator "TA"]
[PlyCount "114"]
[EventDate "2019.04.27"]
[EventType "swiss"]
[EventCountry "CZE"]
[SourceTitle "playchess.com"]
[Source "ChessBase"]
[SourceQuality "1"]

{[%evp 14,114,16,4,33,10,20,16,22,-1,36,14,33,27,33,0,0,0,6,13,20,10,16,22,38,35,37,34,68,52,59,50,62,20,30,0,29,23,31,29,33,29,22,22,25,0,0,0,0,-13,-18,-18,0,-79,-72,-83,-69,-99,-101,-158,-163,-147,-137,-158,-150,-242,-197,-396,-382,-368,-393,-450,-445,-373,-351,-521,-459,-452,-315,-650,-903,-817,-598,-658,-656,-715,-687,-718,-567,-2182,-2094,-1820,-1655,-29970,-29970,-29971,-29972,-29971,-29969,-29972,-29972,-29973,-29945]} 1. e4 c5 2. Nf3 Nc6 3. Nc3 g6 4. d4 cxd4 5. Nxd4 Bg7 6. Be3 Nf6 7. Bc4 O-O 8. Bb3 Re8 {B35: Sicilian: Accelerated Dragon with 5 Nc3: main line} 9. O-O (9. f3 d5 10. exd5 Nb4 11. Nde2 e6 12. Bd4 exd5 13. Qd2 Nc6 14. O-O-O Nxd4 15. Nxd4 Bd7 16. g4 {1-0 (33) Navara,D (2740)-Gelfand,B (2703) Batumi 2018}) 9... d6 10. h3 Na5 {The position is equal.} 11. Qd3 Nxb3 12. axb3 Bd7 $146 ({Predecessor:} 12... b6 13. Nd5 Bb7 14. c4 e6 15. Nxf6+ Bxf6 16. Nb5 {½-½ (42) Ma,Q (2606)-Cornette,M (2591) Auckland 2016}) 13. f4 Qc7 14. Nf3 Bc6 15. Nd5 Nxd5 16. exd5 Bd7 17. c3 Bf5 18. Qd2 e5 19. dxe6 $1 ({But not} 19. Bxa7 $2 b6 $19) 19... Bxe6 20. Nd4 a6 21. f5 $1 Bd7 22. Rf2 Re4 23. fxg6 hxg6 24. Raf1 f5 (24... Rae8 $5 {[%cal Re4e3]} 25. Bh6 Bxd4 26. cxd4 f5 $11) 25. Nf3 Rae8 26. Bd4 Bb5 27. c4 {[#] Strongly threatening Bxg7.} Bc6 28. Bxg7 Kxg7 29. Nd4 Qb6 $36 {[%mdl 2048] Black fights for an advantage.} 30. Nxc6 Qxc6 31. Qg5 {[#] Hoping for Rxf5.} R8e5 32. Kh2 {[%cal Rf2f5] White wants to play Rxf5.} Qc5 33. Qd2 (33. Rf3 $11 {keeps the balance.}) 33... Re3 $17 34. Rf3 a5 35. Rxe3 Rxe3 $15 {[%mdl 4096] Endgame KQR-KQR} 36. Rf3 (36. Rd1 $142) 36... Qe5+ $17 37. Kg1 Re2 38. Qc3 Rxb2 39. Kf1 (39. Re3 $17 {keeps fighting.} Qxc3 40. Rxc3) 39... Kf7 {( -> ...Qe2+)} 40. Qxe5 $2 (40. Qd3 {was called for.}) 40... dxe5 $19 {KR-KR} 41. Rd3 e4 42. Rd5 Rxb3 43. Rxa5 Rb4 44. Rc5 (44. h4 $142) 44... Kf6 45. Rc7 Ke5 46. Rg7 $2 (46. c5) 46... Kf4 47. Rxg6 Rb1+ 48. Ke2 Rb2+ 49. Ke1 Ke3 {[%cal Rb2b1]} 50. Rg3+ Kd4 51. c5 f4 52. Rg6 Ke3 {[%cal Rb2b1]} 53. Rb6 Rxg2 {[%cal Rg2g1] Black mates.} 54. Rb3+ Kd4 55. Rb4+ Kd5 56. Rxb7 Kxc5 57. Kf1 f3 {Accuracy: White = 35%, Black = 69%.} 0-1

[Event "CZE-ch Open 2019"]
[Site "Ostrava"]
[Date "2019.04.28"]
[Round "2.13"]
[White "Riha, Vojtech"]
[Black "Biolek, Richard Jr."]
[Result "1/2-1/2"]
[WhiteElo "2288"]
[BlackElo "2442"]
[Annotator "TA"]
[PlyCount "79"]
[EventDate "2019.04.27"]
[EventType "swiss"]
[EventCountry "CZE"]
[SourceTitle "playchess.com"]
[Source "ChessBase"]
[SourceQuality "1"]

{[%evp 9,79,-25,-20,-25,-27,-43,-23,-33,-32,-38,-40,-45,-54,-39,-46,-66,-61,-63,-51,-50,-58,-52,0,0,0,-20,-13,-20,-16,-43,-19,-24,0,-60,-27,-35,14,14,57,0,0,0,10,7,68,77,87,75,83,80,85,79,79,83,168,58,58,63,66,57,87,106,268,0,0,0,0,0,0,0,0,0]} 1. e4 c5 2. b4 cxb4 3. a3 d5 4. exd5 Nf6 (4... Qxd5 5. Nf3 bxa3 6. Nxa3 Nf6 7. Bc4 Qd8 8. O-O e6 9. d4 Be7 10. c3 O-O 11. Ne5 Nc6 12. f4 a6 13. Kh1 {0-1 (50) Pijpers,A (2476)-Ly,M (2480) Amsterdam 2016}) 5. Nf3 Nxd5 6. axb4 {B20: Sicilian: Unusual White 2nd moves} Nxb4 7. Bc4 e6 8. O-O $146 {Black has an edge.} ({Predecessor:} 8. Bb2 Nd7 9. O-O Nf6 10. Re1 Be7 11. Ne5 O-O 12. Ra3 {0-1 (21) Dotsenko,S (2181)-Demianjuk,A (2313) Sukhumi 2006}) 8... Be7 9. d4 O-O 10. Re1 N8c6 11. c3 Nd5 12. Qd3 b6 13. Nbd2 {[%cal Bb1d2,Bd2e4,Be4g5][%mdl 32]} Bb7 14. Ne4 Na5 15. Ba2 Nf6 ({Black should try} 15... Qc8 $15) 16. Neg5 $11 Bd5 17. c4 Bxf3 18. Nxf3 Nc6 19. Bb1 Rc8 20. Bb2 Nb4 21. Qb3 (21. Qe2 $11) 21... Qc7 22. Ne5 Nd7 23. Qh3 {[%csl Gb1][%cal Rh3h7] [#]} f5 {...Nxe5 is the strong threat.} 24. d5 {aiming for Nxd7.} (24. Ng4 {with more complications.} Qxc4 25. Ne3 Qb5 26. Nxf5 exf5 27. Rxe7 Nc6 28. Re1) 24... Nxe5 $1 25. Bxe5 Qxc4 26. dxe6 (26. Rxa7 Nxd5 27. Qf3 Bf6 $17) 26... Qg4 (26... a5 $11) 27. Qxg4 $14 fxg4 28. Rxa7 $40 {[%mdl 128] White goes for the king.} Nc6 29. Rb7 Nxe5 30. Rxe7 Rc5 31. Rb7 {Hoping for e7.} Rfc8 (31... Re8 $16 {was worth a try.}) 32. e7 ({White should play} 32. h4 $18) 32... Kf7 $1 33. Bxh7 Rc1 {[%cal Rc1e1]} 34. Bg8+ Kf6 {[%cal Rc1e1]} 35. e8=N+ $1 {[%mdl 64] Double Attack, Discovered Attack} Kg5 $2 {[#]} (35... Kf5 $16 {is a better defense.} 36. Nd6+ (36. Nxg7+ Kg6 $16) (36. Bh7+ g6 $16) 36... Kg6) 36. Rxg7+ $2 (36. h4+ $1 $18 gxh3 37. Rxc1 (37. Rxg7+ Kf4 $16) 37... Rxc1+ 38. Kh2) 36... Kh6 $1 $11 {[%cal Rc1e1] The position is equal.} 37. Rh7+ Kg6 $1 {[%cal Rc1e1]} 38. Rg7+ Kh6 {[%cal Rc1e1]} 39. Rh7+ Kg6 $1 {[%cal Rc1e1]} 40. Rg7+ {Accuracy: White = 53%, Black = 50%.} 1/2-1/2

[Event "CZE-ch Open 2019"]
[Site "Ostrava"]
[Date "2019.04.28"]
[Round "2.14"]
[White "Cernousek, Lukas"]
[Black "Neumann, Filip"]
[Result "1-0"]
[WhiteElo "2438"]
[BlackElo "2076"]
[Annotator "TA"]
[PlyCount "85"]
[EventDate "2019.04.27"]
[EventType "swiss"]
[EventCountry "CZE"]
[SourceTitle "playchess.com"]
[Source "ChessBase"]
[SourceQuality "1"]

{[%evp 14,85,47,22,46,29,57,42,54,46,54,49,45,49,83,85,91,82,89,81,88,73,83,71,74,56,127,119,428,429,422,399,456,466,493,477,483,481,639,459,910,844,813,827,794,700,697,610,610,610,607,597,600,558,682,668,693,693,1231,1102,675,668,5019,3649,29983,29980,29966,2175,29981,29982,29981,29980,29996,29997]} 1. d4 Nf6 2. c4 g6 3. g3 Bg7 4. Bg2 O-O 5. Nf3 d6 6. O-O Nc6 7. Nc3 a6 8. Re1 Bg4 {E63: King's Indian: Fianchetto: Panno Variation with 7...a6} (8... Rb8 9. Rb1 Na5 10. b3 b5 11. cxb5 axb5 12. e4 b4 13. Na4 d5 14. e5 Ne4 15. Be3 Bd7 16. Nd2 Nc3 17. Nxc3 bxc3 {1-0 (27) Svidler,P (2765)-Amin,B (2689) Riadh 2017}) 9. b3 $146 ({Predecessor:} 9. d5 Na5 10. b3 c5 11. Bd2 Rb8 12. h3 Bxf3 13. exf3 b5 14. Bf1 Nd7 15. Rc1 Re8 16. cxb5 Bxc3 17. Bxc3 axb5 {1-0 (31) Tregubov,P (2600)-Monroy,C (2429) Paris 2015}) 9... Nd7 10. Qd2 Bxf3 {White is slightly better.} 11. Bxf3 Nxd4 12. Bxb7 Rb8 13. Bg2 c5 14. Bb2 Nb6 15. e3 Ne6 16. Rab1 Qd7 17. f4 Nc7 18. Bf3 Rfd8 19. Qg2 (19. Red1 {feels hotter.} f5 20. a4 Nc8 21. Ba3 Qe8 22. e4) 19... d5 ({Black should try} 19... a5 $14) 20. cxd5 Ncxd5 $2 {[%mdl 8192]} (20... c4 $16 {is more resistant.}) 21. Nxd5 $18 Nxd5 22. Bxg7 {[#] Black must now prevent Be5.} Kxg7 23. Rbd1 e6 24. e4 c4 {intending ...Qa7+.} 25. exd5 cxb3 26. axb3 Rxb3 (26... exd5 $142 27. Rxd5 Qa7+ 28. Kf1 Qb6 29. Qb2+ Kg8) 27. dxe6 {[%mdl 64] [#] Pin} Qa7+ 28. Qf2 Qxf2+ 29. Kxf2 Rb2+ 30. Kg1 Rxd1 31. Bxd1 {Hoping for e7.} fxe6 32. Rxe6 {[%mdl 4096] Endgame KRB-KR} Rb1 33. Rd6 a5 {If only Black now had time for ...a4....} 34. Kg2 Rb2+ 35. Kh3 Ra2 36. Rd7+ Kh8 37. Bb3 Ra3 38. Be6 a4 39. Kg4 Re3 40. f5 {Intending Kg5 and mate.} gxf5+ 41. Kxf5 {White mates.} Rf3+ 42. Kg5 h6+ 43. Kg6 {Accuracy: White = 85%, Black = 28%.} 1-0